LEADER 02032nam0 2200385 i 450 001 MO10000493 005 20231121125552.0 010 $a8883199839 020 $aIT$b2005-12383 100 $a20120215d2004 ||||0itac50 ba 101 | $aita 102 $ait 181 1$6z01$ai $bxxxe 182 1$6z01$an 200 1 $a˜La œcultura epistolare nell'Ottocento: sondaggi sulle lettere del CEOD$fa cura di Giuseppe Antonelli, Carla Chiummo, Massimo Palermo$gcon CD-ROM contenente i testi dei carteggi 210 $aRoma$cBulzoni$d[2004] 215 $a268 p.$d21 cm 300 $aAtti della Giornata di studio tenuta a Siena nel 2004. 312 $aTit. sul dorso: ˜La œcultura epistolare nell'Ottocento.$9CFI0644827 517 1 $a˜La œcultura epistolare nell'Ottocento.$9CFI0644827 606 $aLettere e carteggi$xItalia$xSec. 19.$2FIR$3RMLC183803$9I 606 $aLingua italiana$xSec. 19.$xFonti epistolari$2FIR$3CFIC157009$9I 676 $a856.209$9$v21 702 1$aAntonelli$b, Giuseppe$f <1970- >$3BVEV062651 702 1$aChiummo$b, Carla$3CFIV120747 702 1$aPalermo$b, Massimo$3CFIV143629 801 3$aIT$bIT-01$c20120215 850 $aIT-RM0290 $aIT-FR0017 899 $aBIBLIOTECA ANGELICA$bRM0290 899 $aBiblioteca umanistica Giorgio Aprea$bFR0017 $eN 912 $aMO10000493 950 0$aBiblioteca umanistica Giorgio Aprea$d 52MAG 5/1166$e 52FLS0000270705 VMN RS $fA $h20140611$i20140611$d 52MAG 5/1166***$e 52DUP0009043085 VMB RS $fA $h20200521$i20200521$d 52MAG 5/1166**$e 52FLS0000270725 VMN RS $fA $h20160330$i20160330$d 52MAG 5/1166*$e 52FLS0000270715 VMB RS $fA $h20200521$i20200521$d 52MAG 6/1166****$e 52DUP0009045595 VMB RS $fA $h20201006$i20201006 977 $a 06$a 52 996 $aCultura epistolare nell'Ottocento: sondaggi sulle lettere del CEOD$93611125 997 $aUNICAS LEADER 04124nam 22008655 450 001 9910298640503321 005 20200706054334.0 010 $a3-642-45355-4 024 7 $a10.1007/978-3-642-45355-7 035 $a(CKB)3710000000089198 035 $a(EBL)1783230 035 $a(OCoLC)875004333 035 $a(SSID)ssj0001186457 035 $a(PQKBManifestationID)11813504 035 $a(PQKBTitleCode)TC0001186457 035 $a(PQKBWorkID)11217973 035 $a(PQKB)10729977 035 $a(MiAaPQ)EBC1783230 035 $a(DE-He213)978-3-642-45355-7 035 $a(PPN)176750495 035 $a(EXLCZ)993710000000089198 100 $a20140228d2014 u| 0 101 0 $aeng 135 $aur|n|---||||| 181 $ctxt 182 $cc 183 $acr 200 10$aIndependent Variables for Optical Surfacing Systems $eSynthesis, Characterization and Application /$fby Haobo Cheng 205 $a1st ed. 2014. 210 1$aBerlin, Heidelberg :$cSpringer Berlin Heidelberg :$cImprint: Springer,$d2014. 215 $a1 online resource (172 p.) 300 $aDescription based upon print version of record. 311 $a3-642-45354-6 320 $aIncludes bibliographical references at the end of each chapters. 327 $aBasic theory of optical surfacing systems -- Tool influence functions -- Finishing paths -- Dwell time map. 330 $aIndependent Variables for Optical Surfacing Systems discusses the characterization and application of independent variables of optical surfacing systems, and introduces the basic principles of surfacing technologies and common surfacing systems. All the pivotal variables influencing surface quality are analyzed; evaluation methods for surface quality, the removal capability of tool influence functions, and a series of novel optical surfacing systems are introduced. The book also particularly focuses on the multi-path mode and dwell time used for deterministic surfacing. Researchers and graduate students working in optical engineering will benefit from this book; optical engineers in the industry will also find it a valuable reference work. Haobo Cheng is a professor at Beijing Institute of Technology. 606 $aOptical materials 606 $aElectronics$xMaterials 606 $aMicrowaves 606 $aOptical engineering 606 $aLasers 606 $aPhotonics 606 $aSurfaces (Physics) 606 $aInterfaces (Physical sciences) 606 $aThin films 606 $aMaterials?Surfaces 606 $aOptical and Electronic Materials$3https://scigraph.springernature.com/ontologies/product-market-codes/Z12000 606 $aMicrowaves, RF and Optical Engineering$3https://scigraph.springernature.com/ontologies/product-market-codes/T24019 606 $aOptics, Lasers, Photonics, Optical Devices$3https://scigraph.springernature.com/ontologies/product-market-codes/P31030 606 $aSurface and Interface Science, Thin Films$3https://scigraph.springernature.com/ontologies/product-market-codes/P25160 606 $aSurfaces and Interfaces, Thin Films$3https://scigraph.springernature.com/ontologies/product-market-codes/Z19000 615 0$aOptical materials. 615 0$aElectronics$xMaterials. 615 0$aMicrowaves. 615 0$aOptical engineering. 615 0$aLasers. 615 0$aPhotonics. 615 0$aSurfaces (Physics) 615 0$aInterfaces (Physical sciences) 615 0$aThin films. 615 0$aMaterials?Surfaces. 615 14$aOptical and Electronic Materials. 615 24$aMicrowaves, RF and Optical Engineering. 615 24$aOptics, Lasers, Photonics, Optical Devices. 615 24$aSurface and Interface Science, Thin Films. 615 24$aSurfaces and Interfaces, Thin Films. 676 $a530.417 676 $a620.11 676 $a620.11295 676 $a620.11297 700 $aCheng$b Haobo$4aut$4http://id.loc.gov/vocabulary/relators/aut$0720607 906 $aBOOK 912 $a9910298640503321 996 $aIndependent Variables for Optical Surfacing Systems$92521560 997 $aUNINA